[Event "1/64 Finale"]
[Site "www.chess-mail.com"]
[Date "2020.03.03"]
[Round "1"]
[White "Gandalf50"]
[Black "Numanoid"]
[WhiteElo "2490"]
[BlackElo "2740"]
[Result "1/2-1/2"]
[Round "1"]
1.e4 Nb8c6
2.Ng1f3 d6
3.d4 Ng8f6
4.Nb1c3 g6
5.h3 Bf8g7
6.Bc1e3 O-O
7.Qd1d2 e5
8.d5 Nc6e7
9.Be3h6 Bc8d7
10.Bf1d3 c6
11.dxc6 Bd7xc6
12.O-O-O Ra8c8
13.h4 Bg7xh6
14.Qd2xh6 Nf6g4
15.Qh6d2 h5
16.Nf3h2 Ng4xh2
17.Rh1xh2 Qd8d7
18.f3 d5
19.Qd2h6 dxe4
20.fxe4 Qd7e6
21.Kb1 b5
22.Rd1e1 Rf8d8
23.Rh2h3 b4
24.Nc3e2 Bc6a4
25.Re1c1 Qe6b6
26.Rh3f3 Ba4b5
27.Rc1f1 Bb5xd3
28.cxd3 Rd8f8
29.Ne2g3 b3
30.Rf3f6 bxa2
31.Ka1 Qb6b3
32.Ng3xh5 gxh5
33.Qh6g5 { draw }
1/2-1/2

[Event "Match"]
[Site "www.echecsemail.com"]
[Date "2020.03.04"]
[Round "1"]
[White "Sonny1000"]
[Black "Bjonil60"]
[WhiteElo "1620"]
[BlackElo "1440"]
[Result "1-0"]
[Round "1"]
1.e4 f6
2.Nb1c3 d6
3.Nc3d5 Bc8e6
4.c4 Be6xd5
5.cxd5 c6
6.h4 c5
7.Bf1c4 a6
8.Qd1a4 Kf7
9.b4 b6
10.b5 Nb8d7
11.bxa6 Ra8a7
12.Bc4b5 Nd7b8
13.Ra1b1 g6
14.Ng1h3 f5
15.Nh3g5 Kg7
16.Bc1b2 Ng8f6
17.Ng5e6 Kf7
18.Ne6xd8 Kg7
19.exf5 gxf5
20.Nd8e6 Kg8
21.h5 h6
22.Ne6xf8 Kxf8
23.f3 Nf6xd5
24.Bb2xh8 Kg8
25.Qa4c4 e6
26.Bh8a1 Nd5c7
27.O-O Nc7xb5
28.Qc4xb5 Nb8d7
29.Qb5c6 Nd7b8
30.Qc6e8 Kh7
31.Qe8xb8 Ra7xa6
32.Qb8b7 Kg8
33.Qb7xa6 Kf7
34.Rb1xb6 d5
35.Qa6a7 Ke8
36.Rb6b8 
1-0

[Event "Match"]
[Site "www.echecsemail.com"]
[Date "2020.03.04"]
[Round "1"]
[White "Coraza"]
[Black "Libiesse"]
[WhiteElo "1840"]
[BlackElo "2080"]
[Result "1-0"]
[Round "1"]
1.e4 c5
2.Ng1f3 e6
3.d3 Nb8c6
4.Nb1c3 a6
5.Bc1g5 Bf8e7
6.Bg5xe7 Ng8xe7
7.Nc3a4 b6
8.Nf3g5 h6
9.Ng5xf7 Kxf7
10.Qd1f3 Kg8
11.c3 Bc8b7
12.O-O-O Qd8f8
13.Qf3g3 Ne7c8
14.b3 b5
15.Na4b2 Nc8b6
16.f3 Ra8e8
17.Qg3c7 Nc6a5
18.Qc7xb6 { resign }
1-0

[Event "Match"]
[Site "www.echecsemail.com"]
[Date "2020.03.04"]
[Round "1"]
[White "Johndyson"]
[Black "Joseph1983"]
[WhiteElo "2479"]
[BlackElo "2200"]
[Result "1-0"]
[Round "1"]
1.Ng1f3 Ng8f6
2.c4 e6
3.d4 d5
4.Nb1c3 b6
5.cxd5 Nf6xd5
6.e4 Nd5xc3
7.bxc3 Bc8b7
8.Qd1c2 Bf8e7
9.a3 O-O
10.Bf1d3 c5
11.O-O cxd4
12.cxd4 Nb8d7
13.Qc2e2 Nd7f6
14.Bc1d2 Qd8d7
15.a4 Bb7c6
16.Nf3e5 Qd7b7
17.Bd3a6 { resign }
1-0

[Event "Match"]
[Site "www.echecsemail.com"]
[Date "2020.03.04"]
[Round "1"]
[White "Double2dutch"]
[Black "Chapi"]
[WhiteElo "2330"]
[BlackElo "2120"]
[Result "1-0"]
[Round "1"]
1.Ng1f3 c5
2.c4 Nb8c6
3.d4 cxd4
4.Nf3xd4 g6
5.e4 Bf8g7
6.Bc1e3 Ng8f6
7.f3 O-O
8.Qd1d2 d6
9.Bf1e2 Nf6d7
10.O-O Nd7b6
11.Nb1c3 a6
12.Nd4xc6 bxc6
13.Rf1d1 c5
14.Be3xc5 Bg7xc3
15.bxc3 Nb6a4
16.Bc5e3 Ra8b8
17.Ra1b1 Bc8e6
18.Rb1b4 Qd8a5
19.Rd1b1 Rb8c8
20.Rb1b3 Na4c5
21.Rb3b1 Nc5d7
22.Rb1b2 Nd7e5
23.Be3b6 Ne5xf3
24.Be2xf3 Qa5e5
25.Bb6d4 Qe5a5
26.e5 Qa5d8
27.Bf3b7 Rc8xc4
28.Bb7xa6 Rc4xb4
29.cxb4 dxe5
30.Bd4c5 Be6d5
31.Qd2e2 f6
32.Rb2d2 Qd8a8
33.Rd2xd5 { resign }
1-0

[Event "Match"]
[Site "www.echecsemail.com"]
[Date "2020.03.04"]
[Round "1"]
[White "Estonia"]
[Black "Roma753"]
[WhiteElo "1930"]
[BlackElo "2120"]
[Result "1/2-1/2"]
[Round "1"]
1.g3 f5
2.Bf1g2 Ng8f6
3.b3 e6
4.Bc1b2 d5
5.Ng1f3 c6
6.O-O Bf8d6
7.Nf3e5 Nb8d7
8.Ne5xd7 Bc8xd7
9.d3 O-O
10.c4 Qd8e8
11.Bb2xf6 Rf8xf6
12.Nb1d2 a5
13.a4 Qe8g6
14.cxd5 exd5
15.e4 dxe4
16.dxe4 f4
17.Nd2f3 Bd7g4
18.Qd1c2 fxg3
19.fxg3 Ra8f8
20.Nf3h4 Rf6xf1
21.Ra1xf1 Rf8xf1
22.Bg2xf1 Qg6f6
23.Bf1c4 Kf8
24.Nh4f5 Bd6c5
25.Kg2 Bg4xf5
26.exf5 Qf6d4
27.Kh3 h6
{ draw }
1/2-1/2

[Event "Match"]
[Site "www.echecsemail.com"]
[Date "2020.03.05"]
[Round "1"]
[White "Ket"]
[Black "Chapi"]
[WhiteElo "999"]
[BlackElo "2130"]
[Result "1-0"]
[Round "1"]
1.e4 c5
2.Ng1f3 Nb8c6
3.Nb1c3 Ng8f6
4.d4 cxd4
5.Nf3xd4 e6
6.Bc1e3 d5
7.exd5 Nf6xd5
8.Nc3xd5 Qd8xd5
9.Nd4xc6 Qd5xc6
10.a4 Bf8b4
11.c3 Bb4d6
12.Bf1b5 { resign }
1-0

[Event "Tourn. n10304"]
[Site "www.echecsemail.com"]
[Date "2020.03.05"]
[Round "1"]
[White "Aperturaf"]
[Black "Coolant"]
[WhiteElo "2730"]
[BlackElo "2370"]
[Result "1-0"]
[Round "1"]
1.e4 Nb8c6
2.Ng1f3 d6
3.d4 Bc8g4
4.Nb1c3 e5
5.Bf1b5 exd4
6.Qd1xd4 Qd8f6
7.Qd4a4 Bg4d7
8.Bc1g5 Qf6g6
9.Nc3d5 Ra8c8
10.Nd5f4 { resign }
1-0

[Event "Tourn. n10295"]
[Site "www.echecsemail.com"]
[Date "2020.03.05"]
[Round "1"]
[White "Fantomas"]
[Black "Bevittsmith"]
[WhiteElo "2190"]
[BlackElo "2290"]
[Result "0-1"]
[Round "1"]
1.e4 e6
2.d4 d5
3.e5 c5
4.c3 Nb8c6
5.f4 Qd8b6
6.Ng1f3 Bc8d7
7.a3 Bf8e7
8.Bf1e2 Ng8h6
9.b4 cxd4
10.cxd4 Nh6f5
11.Bc1b2 Ra8c8
12.O-O Nf5e3
13.Qd1d3 Ne3xf1
14.Be2xf1 a6
15.Nb1d2 f5
16.Nd2b3 Nc6a7
17.Nb3c5 Bd7b5
18.Qd3d2 Bb5xf1
19.Ra1xf1 O-O
20.Rf1b1 Be7xc5
21.dxc5 Qb6d8
22.Nf3d4 Qd8d7
23.Qd2d1 Rf8d8
24.g4 g6
25.g5 Na7c6
26.Bb2c3 Nc6xd4
27.Bc3xd4 Kg7
28.a4 h6
29.h4 hxg5
30.hxg5 Rd8h8
31.Bd4f2 Rh8h3
32.Kg2 Rh3a3
33.a5 Qd7b5
34.Qd1d2 Ra3xa5
35.Rb1b2 Ra5a1
36.Rb2b3 Qb5f1
{ resign }
0-1

[Event "Match"]
[Site "www.echecsemail.com"]
[Date "2020.03.05"]
[Round "1"]
[White "Hundegana"]
[Black "Stevep84"]
[WhiteElo "1960"]
[BlackElo "2300"]
[Result "0-1"]
[Round "1"]
1.c4 Ng8f6
2.Nb1c3 e5
3.e4 Bf8c5
4.Ng1f3 Nb8c6
5.a3 d6
6.Nc3d5 Nf6xd5
7.cxd5 Nc6d4
8.Nf3xd4 Bc5xd4
9.Ra1b1 Bc8d7
10.d3 O-O
11.Bf1e2 Qd8h4
12.g3 Qh4f6
13.f3 Qf6e7
14.f4 f5
15.Be2f3 Ra8e8
16.b4 exf4
17.Bc1xf4 fxe4
18.dxe4 Rf8xf4
19.gxf4 Qe7h4
20.Kd2 Qh4f2
21.Qd1e2 Bd4e3
22.Kc3 Be3d4
23.Kb3 Qf2xe2
24.Bf3xe2 Re8xe4
25.Be2c4 Re4xf4
26.Rb1f1 Bd4e5
27.Rf1xf4 Be5xf4
28.h4 Bd7e8
29.Rh1e1 Bf4e5
30.a4 Be8f7
31.b5 Be5f6
32.Re1h1 h6
33.h5 Kh7
34.a5 g5
35.hxg6 Bf7xg6
36.b6 axb6
37.axb6 cxb6
38.Kb4 Bf6d4
39.Rh1e1 Bd4c5
40.Kb3 h5
41.Re1e7 Kh6
42.Bc4f1 h4
43.Bf1g2 Bg6f5
44.Re7f7 Kg6
45.Rf7xb7 h3
46.Bg2f3 h2
47.Kc3 Kg5
48.Kd2 Bc5d4
49.Ke1 Kh4
50.Kf1 Kg3
51.Bf3h1 Bf5h3
52.Ke2 Bh3g2
53.Bh1xg2 Kxg2
54.Rb7h7 Bd4e5
55.Kd3 h1Q
56.Rh7xh1 Kxh1
57.Kc4 Kg2
58.Kb5 Be5d4
59.Kc4 Bd4c5
60.Kd3 Kf3
61.Kc4 Ke4
62.Kc3 Kxd5
63.Kd3 b5
64.Kc3 b4
65.Kd3 Ke5
66.Kc4 Ke4
67.Kb3 d5
68.Kc2 Ke3
69.Kb3 d4
70.Kc2 d3
71.Kd1 d2
72.Kc2 Ke2
73.Kb3 d1Q
74.Kc4 Qd1d4
75.Kb5 Bc5e7
76.Ka4 b3
77.Kxb3 Qd4c5
78.Kb2 Qc5c4
79.Kb1 Qc4b3
80.Kc1 Be7a3
{ resign }
0-1

[Event "Tourn. n10275"]
[Site "www.echecsemail.com"]
[Date "2020.03.05"]
[Round "1"]
[White "Apdash"]
[Black "Pdebonis"]
[WhiteElo "2250"]
[BlackElo "2720"]
[Result "0-1"]
[Round "1"]
1.e4 c5
2.Ng1f3 d6
3.d4 cxd4
4.Nf3xd4 Ng8f6
5.Nb1c3 g6
6.Bc1e3 Bf8g7
7.Bf1e2 Nb8c6
8.O-O O-O
9.Qd1d2 Nf6g4
10.Be2xg4 Bc8xg4
11.f3 Bg4d7
12.Nc3b5 a6
13.Nd4xc6 bxc6
14.Nb5c3 Qd8a5
15.Be3d4 f6
16.Qd2f2 c5
17.Bd4e3 f5
18.exf5 Rf8xf5
19.Qf2d2 Qa5b4
20.Ra1b1 Ra8b8
21.Qd2d3 Rf5h5
22.Be3f2 Bg7e5
23.g3 Bd7c6
24.a3 Qb4b7
25.Bf2e1 Rb8f8
26.Nc3e4 Qb7c8
27.c3 Qc8h3
28.Rf1f2 d5
29.g4 Be5xh2
30.Rf2xh2 Qh3xh2
31.Kf1 dxe4
32.Qd3d2 Bc6b5
{ resign }
0-1

[Event "1/16 Finale"]
[Site "www.chess-mail.com"]
[Date "2020.03.05"]
[Round "1"]
[White "D4minance"]
[Black "Stepanpech"]
[WhiteElo "2890"]
[BlackElo "2670"]
[Result "1-0"]
[Round "1"]
1.d4 d5
2.c4 c6
3.Ng1f3 Ng8f6
4.e3 Bc8f5
5.Nb1c3 e6
6.Nf3h4 Bf5g6
7.Bf1e2 Nb8d7
8.O-O Bf8d6
9.g3 O-O
10.Nh4xg6 hxg6
11.Qd1b3 Ra8b8
12.Bc1d2 Qd8e7
13.Rf1d1 dxc4
14.Qb3xc4 e5
15.dxe5 Qe7xe5
16.Bd2e1 Qe5e7
17.Ra1c1 Rf8d8
18.Qc4d3 Bd6c7
19.Qd3c2 a6
20.Kg2 b5
21.Nc3b1 c5
22.b3 Qe7e6
23.h4 Rb8c8
24.a4 Qe6c6
{ time. }
1-0

[Event "Tourn. n10267"]
[Site "www.echecsemail.com"]
[Date "2020.03.05"]
[Round "1"]
[White "Vasylpuzanov"]
[Black "Chessdna"]
[WhiteElo "1620"]
[BlackElo "1630"]
[Result "0-1"]
[Round "1"]
1.e4 e5
2.f4 exf4
3.Ng1f3 Ng8f6
4.e5 Nf6h5
5.d4 d6
6.Qd1e2 d5
7.Nb1c3 c6
8.Bc1d2 Bf8e7
9.O-O-O O-O
10.a3 b5
11.Nc3b1 a5
12.Rh1g1 g6
13.Qe2f2 Bc8g4
14.h3 Bg4e6
15.Bf1e2 Nb8d7
16.Rd1f1 c5
17.Be2xb5 c4
18.Nb1c3 Qd8b6
19.Bb5xd7 { time. }
0-1

[Event "Tourn. n1473"]
[Site "www.chess-mail.com"]
[Date "2020.03.05"]
[Round "1"]
[White "Mandirigma"]
[Black "Abraham06"]
[WhiteElo "1970"]
[BlackElo "1860"]
[Result "1-0"]
[Round "1"]
1.e4 c5
2.Ng1f3 d6
3.d4 cxd4
4.Qd1xd4 Nb8c6
5.Bf1b5 Bc8d7
6.Bb5xc6 bxc6
7.c4 e5
8.Qd4d3 Qd8c7
9.Nb1c3 Ng8f6
10.O-O Bf8e7
11.Rf1d1 O-O
12.Bc1g5 Bd7g4
13.Bg5xf6 Be7xf6
14.Qd3xd6 Qc7xd6
15.Rd1xd6 Bg4xf3
16.gxf3 Rf8c8
17.Rd6d7 Kf8
18.Ra1d1 Ke8
19.Kf1 Rc8d8
20.Rd7xd8 Ra8xd8
21.Rd1xd8 Kxd8
22.b4 a6
23.Ke2 Bf6e7
24.c5 Kc7
25.Nc3d1 g6
26.Nd1e3 h6
27.Ne3c4 f6
28.Ke3 h5
29.f4 exf4
30.Kxf4 Kd7
31.Ke3 g5
32.h3 Kc7
33.Kd4 Be7f8
34.Nc4e3 Kd7
35.Ne3f5 Ke6
36.f3 Kf7
37.Nf5g3 Kg6
38.Kc4 Bf8e7
39.a4 Be7d8
40.b5 cxb5
41.axb5 axb5
42.Kxb5 Bd8c7
43.Ng3f5  { time }
1-0

[Event "Tourn. n1763"]
[Site "www.chess-mail.com"]
[Date "2020.03.05"]
[Round "1"]
[White "Atlantida"]
[Black "Kapvarovsky"]
[WhiteElo "2430"]
[BlackElo "2140"]
[Result "0-1"]
[Round "1"]
1.e4 e6
2.d4 d5
3.Nb1d2 Ng8f6
4.e5 Nf6e4
5.Nd2xe4 dxe4
6.Bf1c4 c5
7.d5 Nb8d7
8.dxe6 fxe6
9.Ng1h3 Bf8e7
10.Bc4xe6 Nd7xe5
11.Qd1h5 Ne5g6
12.Nh3f4 Bc8xe6
13.Nf4xe6 Qd8b6
14.Ne6xg7 Kf7
 { time }
0-1

[Event "Tourn. n1814"]
[Site "www.chess-mail.com"]
[Date "2020.03.05"]
[Round "1"]
[White "Duro"]
[Black "Bragoen"]
[WhiteElo "1739"]
[BlackElo "1880"]
[Result "0-1"]
[Round "1"]
1.g3 d5
2.Bf1g2 Ng8f6
3.d3 c6
4.Ng1f3 Bc8g4
5.Nb1d2 Nb8d7
6.O-O e5
7.e4 dxe4
8.dxe4 Bf8c5
9.h3 Bg4h5
10.Qd1e2 O-O
11.g4 Bh5g6
12.Nf3h4 Nd7b6
13.Nh4f5 Nf6d7
14.Nd2b3 Bg6xf5
15.exf5 Bc5e7
16.Rf1d1 Be7g5
17.c4 Bg5xc1
18.Ra1xc1 Qd8e7
19.c5 Nb6a4
20.Qe2c2 Ra8d8
 { time }
0-1

[Event "Tourn. n1939"]
[Site "www.chess-mail.com"]
[Date "2020.03.05"]
[Round "1"]
[White "Skob3l"]
[Black "Honninghjert"]
[WhiteElo "1479"]
[BlackElo "1270"]
[Result "0-1"]
[Round "1"]
1.e4 e5
2.Bf1c4 Ng8f6
3.Nb1c3 Nb8c6
4.Ng1f3 Nc6d4
5.Nf3xd4 exd4
6.Nc3d5 Nf6xe4
7.Qd1e2 c6
8.Qe2xe4 Bf8e7
9.Nd5xe7 Qd8xe7
10.Qe4xe7 Kxe7
11.O-O Rh8e8
12.Rf1e1 Kf8
13.Re1xe8 Kxe8
14.d3 d5
15.Bc4b3 Bc8g4
16.h3 Bg4e6
17.Bc1f4 a5
18.c4 a4
19.Bb3c2 a3
20.bxa3 Ra8xa3
21.Bc2b3 dxc4
22.dxc4 d3
23.Ra1d1 g5
24.Bf4xg5 b5
25.Rd1xd3 f6
26.Bg5xf6 bxc4
27.Rd3d8 Kf7
28.Bb3xc4 Be6xc4
29.Bf6d4 Ra3xa2
30.Rd8d7 Ke6
31.Rd7xh7 Bc4d5
32.g4 Ra2a4
33.Rh7h6 Kf7
 { time }
0-1

[Event "Tourn. n2204"]
[Site "www.chess-mail.com"]
[Date "2020.03.05"]
[Round "1"]
[White "Fja"]
[Black "Nokkvis"]
[WhiteElo "1449"]
[BlackElo "1629"]
[Result "0-1"]
[Round "1"]
1.d4 Ng8f6
2.Ng1f3 d5
3.c4 e6
4.Nb1c3 Bf8b4
5.g3 O-O
6.Bf1g2 dxc4
7.O-O Nb8c6
8.Bc1g5 Bb4e7
9.e4 h6
10.Bg5xf6 Be7xf6
11.e5 Bf6e7
12.Ra1c1 a6
13.a4 Nc6b4
14.Nc3e4 b5
15.b3 Bc8b7
16.Nf3e1 c6
17.Qd1d2 cxb3
18.axb5 cxb5
19.Ne4c5 Bb7xg2
20.Kxg2 Be7xc5
 { time }
0-1

[Event "Tourn. n2214"]
[Site "www.chess-mail.com"]
[Date "2020.03.05"]
[Round "1"]
[White "Jasher"]
[Black "Vovaspilberg"]
[WhiteElo "1479"]
[BlackElo "1699"]
[Result "1-0"]
[Round "1"]
1.e4 e5
2.Ng1f3 Nb8c6
3.Bf1b5 a6
4.Bb5a4 Ng8f6
5.Nb1c3 Bf8e7
6.O-O b5
7.Ba4b3 d6
8.d3 Nc6a5
9.Nf3g5 Na5xb3
10.cxb3 O-O
11.Ng5f3 Bc8b7
12.Bc1g5 h6
13.Bg5e3 c5
14.a3 Qd8c7
15.Nf3h4 Nf6xe4
16.Nh4f5  { time }
1-0

[Event "Tourn. n2214"]
[Site "www.chess-mail.com"]
[Date "2020.03.05"]
[Round "1"]
[White "Lovipetol"]
[Black "Jasher"]
[WhiteElo "1400"]
[BlackElo "1479"]
[Result "1-0"]
[Round "1"]
1.e4 c6
2.Ng1f3 d5
3.e5 Bc8f5
4.Nb1c3 Nb8d7
5.d4 e6
6.Bf1e2 Bf8b4
7.Bc1d2 Ng8e7
8.O-O c5
9.a3 Bb4a5
10.Be2b5 O-O
11.b4 cxb4
12.axb4 Ba5xb4
13.h3 Nd7b6
14.Nc3a4 Bb4xd2
15.Nf3xd2 a6
16.Na4xb6 Qd8xb6
17.Ra1b1 axb5
18.c3 Bf5xb1
19.Qd1xb1 Rf8c8
20.Qb1b4 Ra8a4
21.Qb4xe7 h6
22.Qe7d7 Qb6c6
23.Qd7e7 Qc6xc3
24.Nd2f3 Ra4a1
25.Qe7xb7  { time }
1-0

[Event "Tourn. n3529"]
[Site "www.chess-mail.com"]
[Date "2020.03.05"]
[Round "1"]
[White "Thebres"]
[Black "Sargonzo"]
[WhiteElo "1249"]
[BlackElo "1050"]
[Result "1-0"]
[Round "1"]
1.e3 e6
2.Ng1f3 d5
3.c3 Nb8c6
4.Bf1b5 a6
5.Bb5a4 b5
6.Ba4c2 Ng8f6
7.O-O Bf8d6
8.Nf3d4 Bc8b7
9.b4 O-O
10.Qd1f3 Nc6e5
11.Qf3h3 c6
12.g4 Nf6e4
13.f4 Ne5c4
14.f5 e5
15.d3 Ne4g5
16.Qh3h5 exd4
17.dxc4 dxc4
18.exd4  { time }
1-0

[Event "Tourn. n4192"]
[Site "www.chess-mail.com"]
[Date "2020.03.05"]
[Round "1"]
[White "Dkd"]
[Black "Endgame"]
[WhiteElo "1499"]
[BlackElo "1549"]
[Result "1-0"]
[Round "1"]
1.d4 Ng8f6
2.c4 d5
3.Nb1c3 Bc8e6
4.Bc1g5 dxc4
5.Bg5xf6 exf6
6.d5 Bf8b4
7.dxe6 Bb4xc3
8.bxc3 fxe6
9.Qd1xd8 Kxd8
10.O-O-O Nb8d7
11.e3 b5
12.Ng1f3 Ke7
13.Bf1e2 e5
14.Rd1d2 Nd7c5
15.Rd2d5 Nc5d3
16.Be2xd3 c6
17.Rd5c5 cxd3
18.Rc5xc6 g5
19.e4  { time }
1-0

[Event "Tourn. n5407"]
[Site "www.chess-mail.com"]
[Date "2020.03.05"]
[Round "1"]
[White "Timoleon"]
[Black "Peontres"]
[WhiteElo "1499"]
[BlackElo "1499"]
[Result "1-0"]
[Round "1"]
1.e4 c5
2.c3 Nb8c6
3.Bf1b5 d6
4.Bb5xc6 bxc6
5.c4 Qd8c7
6.f4 e5
7.f5 Ng8f6
8.d3 d5
9.Nb1d2 d4
10.Ng1f3 Bf8d6
11.Nd2b3 Bc8d7
12.O-O a5
13.a4 Ra8b8
14.h3 Rb8b7
15.Bc1d2 Ke7
16.Nb3xa5 Rb7xb2
17.Na5b3 Qc7b7
18.Nb3a5 Qb7a6
19.Ra1b1 Rh8b8
20.Rb1xb2 Rb8xb2
21.Bd2e1 Qa6b6
22.Kh2 Rb2b1
23.Qd1e2 Rb1xe1
24.Qe2xe1 Qb6b4
25.Qe1xb4 cxb4
26.Na5b7  { time }
1-0

[Event "Match"]
[Site "www.echecsemail.com"]
[Date "2020.03.05"]
[Round "1"]
[White "Krtekcze"]
[Black "Cmturk"]
[WhiteElo "2150"]
[BlackElo "1499"]
[Result "0-1"]
[Round "1"]
1.d4 d5
2.c4 Ng8f6
3.cxd5 Nf6xd5
4.e4 Nd5b6
5.Nb1c3 e6
6.Ng1f3 Bf8e7
7.Bc1f4 a6
 { time }
0-1

[Event "Match"]
[Site "www.echecsemail.com"]
[Date "2020.03.05"]
[Round "1"]
[White "Zawodnik"]
[Black "Mladen"]
[WhiteElo "1960"]
[BlackElo "2060"]
[Result "0-1"]
[Round "1"]
1.d4 d5
2.c4 e6
3.e3 Ng8f6
4.Ng1f3 c5
5.Nb1c3 Nb8c6
6.cxd5 Nf6xd5
7.Bf1b5 Bf8e7
8.Bb5xc6 bxc6
9.O-O O-O
10.dxc5 Be7xc5
11.Qd1c2 Nd5f6
12.b3 Qd8c7
13.Bc1b2 Bc8a6
14.Rf1d1 Bc5e7
15.Ra1c1 c5
16.Nc3e4 Nf6xe4
17.Qc2xe4 Rf8d8
18.h3 h6
19.Qe4c2 Rd8xd1
20.Rc1xd1 Ra8d8
21.Rd1xd8 Qc7xd8
 { time }
0-1

[Event "Match"]
[Site "www.echecsemail.com"]
[Date "2020.03.05"]
[Round "1"]
[White "Greggglen"]
[Black "Corb"]
[WhiteElo "1550"]
[BlackElo "1809"]
[Result "1-0"]
[Round "1"]
1.e4 c5
2.Ng1f3 Nb8c6
3.d4 cxd4
4.Nf3xd4 g6
5.Nd4xc6 bxc6
6.Nb1c3 Bf8g7
7.Bf1c4 Ng8f6
8.e5 Nf6g8
9.Qd1f3 f6
10.exf6 Ng8xf6
11.O-O d5
12.Rf1d1 Bc8g4
13.Qf3d3 Bg4xd1
14.Qd3xd1 dxc4
15.Bc1d2  { time }
1-0

[Event "Match"]
[Site "www.echecsemail.com"]
[Date "2020.03.05"]
[Round "1"]
[White "Tolga"]
[Black "Schoolplay"]
[WhiteElo "1220"]
[BlackElo "2029"]
[Result "1-0"]
[Round "1"]
1.e4 g6
2.Ng1f3 Bf8g7
3.Bf1c4 c6
4.Nf3g5 d5
5.exd5 cxd5
6.Bc4xd5 Qd8xd5
7.d3 Qd5xg2
8.Rh1f1 h6
9.Ng5f3 Bc8g4
10.Nb1c3 Bg4xf3
11.Qd1d2 h5
12.Qd2f4 Ng8f6
13.Qf4e5 O-O
14.Qe5g5 Qg2xg5
15.Bc1xg5 Nb8c6
16.Rf1g1  { time }
1-0

[Event "Match"]
[Site "www.echecsemail.com"]
[Date "2020.03.05"]
[Round "1"]
[White "Franci"]
[Black "Snalcer"]
[WhiteElo "1420"]
[BlackElo "1399"]
[Result "1-0"]
[Round "1"]
1.e4 d5
2.exd5 Ng8f6
3.c4 e6
4.Qd1e2 Bf8e7
5.Nb1c3 O-O
6.d3 Rf8e8
7.Ng1f3 exd5
8.cxd5 Be7b4
9.Bc1e3 Nf6xd5
10.a3 Bb4xc3
11.Kd1 Bc3f6
12.Ra1c1 Bc8g4
13.h3 Nd5xe3
14.fxe3 Bg4f5
15.e4 Bf5xe4
16.Rc1c3 Bf6xc3
17.bxc3 Be4g6
18.h4 Re8xe2
19.Bf1xe2  { time }
1-0

[Event "Match"]
[Site "www.echecsemail.com"]
[Date "2020.03.05"]
[Round "1"]
[White "Masterking"]
[Black "Sw0mgt"]
[WhiteElo "1420"]
[BlackElo "1499"]
[Result "1-0"]
[Round "1"]
1.c4 f5
2.d4 Ng8f6
3.Nb1c3 d6
4.Ng1f3 Bc8d7
5.Bc1g5 e6
6.Bg5xf6 Qd8xf6
7.Nc3b5 Nb8a6
8.e3 O-O-O
9.Nb5xa7 Kb8
10.Na7b5 c6
11.Nb5c3 c5
12.dxc5 Na6xc5
13.Bf1e2 Rd8c8
14.O-O Bd7c6
15.Nc3b5 Qf6xb2
16.a4 g6
17.Qd1c1 Qb2xe2
18.Rf1e1  { time }
1-0

[Event "Match"]
[Site "www.echecsemail.com"]
[Date "2020.03.05"]
[Round "1"]
[White "Daggerlord"]
[Black "Turkuaz"]
[WhiteElo "1680"]
[BlackElo "1699"]
[Result "1-0"]
[Round "1"]
1.e4 c6
2.d4 d5
3.f3 dxe4
4.fxe4 e5
5.Ng1f3 exd4
6.Bf1c4 Bf8c5
7.O-O Ng8f6
8.Nf3g5 O-O
9.Ng5xf7 Rf8xf7
10.Bc4xf7 Kh8
11.Bc1g5 Nb8d7
12.Nb1d2 Nd7e5
13.Bg5xf6 gxf6
14.Bf7b3 Ne5g4
15.Kh1 Ng4e3
16.Qd1h5 Ne3xf1
17.Ra1xf1  { time }
1-0

[Event "Match"]
[Site "www.echecsemail.com"]
[Date "2020.03.05"]
[Round "1"]
[White "Idil"]
[Black "Brk123"]
[WhiteElo "1599"]
[BlackElo "1599"]
[Result "0-1"]
[Round "1"]
1.e4 e5
2.Bf1c4 Bf8c5
3.f4 exf4
4.Qd1h5 Ng8h6
5.Qh5e2 d6
6.d3 Bc8g4
7.Qe2d2 Bc5e3
8.Qd2e2 Nb8c6
 { time }
0-1

[Event "Match"]
[Site "www.echecsemail.com"]
[Date "2020.03.05"]
[Round "1"]
[White "D3stroy3r"]
[Black "Jhut85"]
[WhiteElo "1499"]
[BlackElo "1630"]
[Result "0-1"]
[Round "1"]
1.e4 e5
2.Ng1f3 Nb8c6
3.Bf1c4 h6
4.c3 Ng8f6
5.d3 Bf8c5
6.h3 d5
7.exd5 Nf6xd5
8.Qd1b3 Nc6a5
9.Qb3b5 Na5c6
10.Qb5xc5 Nd5e7
11.Nf3xe5 Nc6xe5
12.Qc5xe5 f6
13.Qe5e2 Bc8f5
 { time }
0-1

[Event "Match"]
[Site "www.echecsemail.com"]
[Date "2020.03.05"]
[Round "1"]
[White "Mirepertorio"]
[Black "Blablah"]
[WhiteElo "2190"]
[BlackElo "1519"]
[Result "0-1"]
[Round "1"]
1.g3 e5
2.d3 d5
3.Bf1g2 Ng8f6
4.Ng1f3 Qd8d6
5.O-O Nb8c6
6.Nb1d2 Bc8f5
7.Qd1e1 Qd6e6
8.e4 dxe4
9.dxe4 Bf5g6
10.c3 Bf8c5
11.Qe1e2 Qe6g4
12.h3 Qg4d7
 { time }
0-1

[Event "Match"]
[Site "www.echecsemail.com"]
[Date "2020.03.05"]
[Round "1"]
[White "Arwingert"]
[Black "Dearouet"]
[WhiteElo "1179"]
[BlackElo "1639"]
[Result "1-0"]
[Round "1"]
1.d4 d5
2.c4 e6
3.Ng1f3 h6
4.h4 Ng8f6
5.Bc1f4 Nb8c6
6.a3 b6
7.b4 a6
8.Qd1a4  { time }
1-0

[Event "Match"]
[Site "www.echecsemail.com"]
[Date "2020.03.05"]
[Round "1"]
[White "Mrtoohappy"]
[Black "Theturk"]
[WhiteElo "1499"]
[BlackElo "1499"]
[Result "1-0"]
[Round "1"]
1.g4 d5
2.Bf1g2 Bc8xg4
3.f3 Bg4h5
4.d4 Ng8f6
5.Nb1c3 e6
6.Bc1e3 Bf8b4
7.a3 Bb4a5
8.b4 Ba5b6
9.f4 Nb8c6
10.f5 exf5
11.Qd1b1 O-O
12.b5 Nc6a5
13.Qb1c1 Na5c4
14.Be3g5  { time }
1-0

[Event "Match"]
[Site "www.echecsemail.com"]
[Date "2020.03.05"]
[Round "1"]
[White "Sharike"]
[Black "Enoll"]
[WhiteElo "1499"]
[BlackElo "1320"]
[Result "1-0"]
[Round "1"]
1.e4 e5
2.d3 Nb8c6
3.Bc1e3 Ng8f6
4.Bf1e2 Bf8d6
5.Ng1f3 O-O
6.O-O h6
7.Nb1c3 b6
8.a3 a5
9.Nc3b5 Bc8a6
10.Nb5xd6 cxd6
11.c3 Qd8e7
12.Qd1c1 d5
13.exd5 Nf6xd5
14.Be3d2 Nd5f6
15.Rf1e1 d5
16.h3 e4
17.dxe4 dxe4
18.Nf3h2 Ba6xe2
19.Re1xe2 Ra8d8
20.Bd2e3 b5
21.b4 a4
22.Be3c5 Qe7e5
23.Bc5xf8 Rd8xf8
24.Nh2f3 Qe5e6
25.Qc1b2 Rf8d8
26.Ra1e1 Nc6e5
27.Nf3xe5 Qe6xe5
28.f3 Rd8d3
29.fxe4 Kh7
30.Re2e3 Rd3xe3
31.Re1xe3 Nf6xe4
32.Qb2c2 f5
33.Qc2e2 Ne4g3
34.Re3xe5 Ng3xe2
35.Re5xe2 Kg6
36.Re2e6  { time }
1-0

[Event "Match"]
[Site "www.echecsemail.com"]
[Date "2020.03.05"]
[Round "1"]
[White "Bmbeeman"]
[Black "Matteodf"]
[WhiteElo "1499"]
[BlackElo "1229"]
[Result "1-0"]
[Round "1"]
1.e4 d5
2.Nb1c3 d4
3.Nc3d5 e6
4.Nd5f4 Bf8d6
5.g3 Bd6xf4
6.gxf4 a6
7.Ng1f3 Ng8f6
8.Bf1d3 O-O
9.Rh1g1 Nb8c6
10.c3 Rf8e8
11.e5 Nf6d5
12.cxd4 Nd5xf4
13.Bd3e4 h6
14.d3  { time }
1-0

[Event "Match"]
[Site "www.echecsemail.com"]
[Date "2020.03.05"]
[Round "1"]
[White "Sw0mgt"]
[Black "Thahack"]
[WhiteElo "1499"]
[BlackElo "1560"]
[Result "0-1"]
[Round "1"]
1.e4 e5
2.Ng1f3 Nb8c6
3.Bf1b5 Ng8e7
4.O-O Nc6d4
5.Nf3xd4 exd4
6.c3 c6
7.Bb5c4 dxc3
8.Nb1xc3 a6
9.d4 b5
10.Bc4b3 Ne7g6
11.Bc1e3 Bf8e7
 { time }
0-1

[Event "Match"]
[Site "www.echecsemail.com"]
[Date "2020.03.05"]
[Round "1"]
[White "Josemendes"]
[Black "Sapuri"]
[WhiteElo "2000"]
[BlackElo "1890"]
[Result "0-1"]
[Round "1"]
1.d4 d5
2.c4 e6
3.Nb1c3 dxc4
4.e3 Ng8f6
5.Ng1f3 c5
6.Bf1xc4 Nb8c6
7.O-O cxd4
8.Nf3xd4 Bc8d7
9.e4 Bf8c5
10.Bc1e3 Nc6xd4
11.Be3xd4 Bc5xd4
12.Qd1xd4 Bd7c6
13.Rf1d1 Qd8xd4
14.Rd1xd4 Ke7
15.e5 Nf6d7
16.Ra1e1 Rh8d8
17.Rd4h4 h6
18.Rh4g4 g6
19.Nc3b5 Bc6xb5
20.Bc4xb5 a6
21.Bb5xd7 Rd8xd7
22.Rg4h4 h5
23.Rh4f4 Rd7d2
24.Rf4b4 b5
25.Rb4b3 Ra8c8
26.Rb3c3 Rc8xc3
27.bxc3 Rd2xa2
28.f4 Ra2a3
29.Re1c1 a5
30.Rc1b1 Ra3xc3
31.Rb1xb5 Rc3a3
32.Rb5b7 Kf8
33.Rb7b8 Kg7
34.Kf2 a4
35.Rb8b1 Ra3a2
36.Kf3 a3
37.Rb1b3 Ra2a1
38.Kg3 a2
39.Rb3a3 Kh6
40.Kh4 Ra1f1
41.Ra3xa2 Rf1xf4
42.Kg3 g5
43.Ra2a1 Rf4e4
44.Ra1a5 Kg6
45.Kf3 Kf5
 { time }
0-1

[Event "Match"]
[Site "www.echecsemail.com"]
[Date "2020.03.05"]
[Round "1"]
[White "Chris326"]
[Black "Gitrusfra"]
[WhiteElo "1280"]
[BlackElo "1360"]
[Result "0-1"]
[Round "1"]
1.e4 e5
2.d4 d5
3.dxe5 dxe4
4.Qd1xd8 Kxd8
5.Bf1c4 Ng8h6
6.Ng1e2 Bf8c5
7.O-O Bc8g4
8.Bc1xh6 gxh6
9.Rf1d1 Nb8d7
 { time }
0-1